000 01207nam a2200313Ia 4500
001 Z_6626
008 220601s9999 xx 000 0 und d
020 _a978-607-481-297-8
082 _a530.1 K57
100 _aKirkpatrick, Larry D., 1941-
_9184044
245 _aFísica : una mirada al mundo / Larry D. Kirkpatrick y Gregory E. Francis; traducción Miguel Martínez Sarmiento; revisión técnica Nora Natalia Martínez
250 _a6a ed.
260 _aMéxico : Cengage Learning
300 _axxxi, 603 p., A-I p.
500 _aTraducción de la obra en inglés: Physics : a world view 6a ed.
503 _aej.1: consumo \ ej.2: consumo\ ej.3: consumo
650 _a1. Física
_9154865
650 _aPropiedades físicas tiempo y espacio
_9145399
650 _aMecánica
_973810
650 _aElectricidad y magnetismo
_9145396
650 _aFísica de partículas
_9145398
650 _aFísica de ondas
_9145397
700 _aFrancis, Gregory E. coaut. \ Martínez Sarmiento, Miguel, tr. \ Martínez, Nora Natalia, rev.Ì
_9184046
901 _a530.1 K57
902 _aM
905 _a523227 2001 mx adn 9221113311spa16
942 _c1
999 _c217155
_d217155